Struktura počítačů a jejich programového vybavení

Salvato in:
Dettagli Bibliografici
Autore principale: Hořejš, Jiří
Altri autori: Brodský, Jan, Staudek, Jan
Natura: Libro
Lingua:ceco
Pubblicazione: Praha Státní nakladatelství technické literatury 1980
Serie:Knižnice výpočetní techniky
Tags: Aggiungi Tag
Nessun Tag, puoi essere il primo ad aggiungerne!!

MARC

LEADER 00000nam a2200000 4500
001 c142399
005 20041019155324.7
041 0 |a cze 
044 |a CZ 
245 1 0 |a Struktura počítačů a jejich programového vybavení  |c Jiří Hořejš, Jan Brodský, Jan Staudek 
264 1 |a Praha  |b Státní nakladatelství technické literatury  |c 1980 
300 |a 446 s. 
490 1 |a Knižnice výpočetní techniky 
830 0 |a Knižnice výpočetní techniky 
100 1 |a Hořejš, Jiří 
700 1 |a Brodský, Jan 
700 1 |a Staudek, Jan